000 00736cam a22002292 4500
001 0000009074
005 20151217154406.0
008 080824s xx 000 0 eng d
020 _a0199298300 :
_cKES 4198.60
040 _aKABU
_cKABU
100 1 _aSprack, John.
_@0000160032
245 1 2 _aA Practical approach to criminal procedure /
_cJohn Sprack.
250 _a 11th ed.
260 _aOxford :
_bO. U. P.,
_c2006.
300 _axlix, 620 p.
650 0 _aCriminal procedure
_zEngland.
_@0000160033
650 0 _aCriminal procedure
_zWales.
_@0000160034
908 _a080824
950 _@1
999 _c10985
_d10985